|
|
|
|
| LEADER |
01561nam a2200469 a 4500 |
| 001 |
000580804 |
| 003 |
CZ BrMZK |
| 005 |
20120402110905.0 |
| 007 |
ta |
| 008 |
011207s2001 xr e ccze d |
| 015 |
|
|
|a cnb001063890
|
| 020 |
|
|
|a 80-7200-590-1
|
| 035 |
|
|
|a (OCoLC)51184607
|
| 040 |
|
|
|a BOA001
|b cze
|
| 043 |
|
|
|a e-xr---
|
| 045 |
|
|
|a t-x-
|
| 072 |
|
7 |
|a 929
|x Biografie
|2 Konspekt
|9 8
|
| 080 |
|
|
|a 929
|2 MRF
|
| 080 |
|
|
|a 78.071.1
|2 MRF
|
| 080 |
|
|
|a 78.071.1/.2
|2 MRF
|
| 080 |
|
|
|a 78.071.2
|2 MRF
|
| 080 |
|
|
|a (437.3)
|2 MRF
|
| 080 |
|
|
|a (092)
|2 MRF
|
| 080 |
|
|
|a (084.11)
|2 MRF
|
| 100 |
1 |
|
|a Kuna, Milan,
|d 1932-
|7 jk01070854
|4 aut
|
| 245 |
1 |
0 |
|a Osobnosti české hudby /
|c napsal Milan Kuna ; ilustrovali Míla Preslová, Lubomír Anlauf
|
| 250 |
|
|
|a 1. vyd.
|
| 260 |
|
|
|a Havlíčkův Brod :
|b Fragment,
|c 2001
|
| 300 |
|
|
|a 64 s. :
|b barev. il., portréty ;
|c 29 cm
|
| 490 |
1 |
|
|a Odkaz
|
| 648 |
|
4 |
|a 16.-20. stol.
|
| 650 |
0 |
7 |
|a hudební skladatelé
|7 ph120923
|z Česko
|y 16.-20. stol.
|2 czenas
|
| 650 |
0 |
7 |
|a hudebníci
|7 ph117204
|z Česko
|y 16.-20. stol.
|2 czenas
|
| 650 |
0 |
7 |
|a zpěváci
|7 ph127683
|z Česko
|y 16.-20. stol.
|2 czenas
|
| 655 |
|
7 |
|a biografie
|7 fd131909
|2 czenas
|
| 655 |
|
7 |
|a obrazové publikace
|7 fd132947
|2 czenas
|
| 700 |
1 |
|
|a Anlauf, Lubomír,
|d 1960-
|7 jo20000074580
|4 ill
|
| 700 |
1 |
|
|a Preslová, Míla,
|d 1966-
|7 mzk2003181899
|4 ill
|
| 830 |
|
0 |
|a Odkaz (Fragment)
|0 s
|
| 910 |
|
|
|a BOA001
|b 3-1094.848
|
| 990 |
|
|
|a BK
|
| 996 |
6 |
|
|b 2610149621
|c 3-1094.848
|l MZK
|r Sklad / do 1 hodiny
|n 8
|p p.v.
|w 000580804
|u 000010
|a 1
|e BOA001
|j MZK50
|s P
|